Départements de Bourgogne-Franche-Comté - Statistiques

Statistiques générales
  • Ce quiz a été pris 75 fois
  • Le résultat moyen est 7 sur 8
Statistiques - réponses
Numéro Département % Correct
39 Jura
93%
21 Côte d'Or
88%
70 Haute-Saône
86%
71 Saône-et-Loire
86%
90 Territoire de Belfort
86%
25 Doubs
83%
89 Yonne
79%
58 Nièvre
76%
Aucun quiz correspondant
Distribution des résultats
% des personnes avec chaque résultat
Percentile par nombre de réponses
Votre historique - résultats
Vous n’avez pas pris ce quiz